000 00465nam a2200181Ia 4500
001 4154
005 20260306145735.0
008 260306t1972||||xx |||||||||||||| ||spa||
041 _aESP
082 _a307.1
_bM61D
110 _aMinisterio de Educación. Centro Superior de Perfeccionamiento Magisterial
245 0 _aDocumentos de trabajo
260 _c1972
300 _a52 páginas :
_c21 cm.
650 _aGEN
654 _aCHU
942 _cLIB
_dJUS
_fJUS
_2ddc
_n
999 _c4154
_d4154